| 000 | 00471nam a22001817a 4500 | ||
|---|---|---|---|
| 003 | OSt | ||
| 005 | 20251121161536.0 | ||
| 008 | 251121b |||||||| |||| 00| 0 eng d | ||
| 020 | _a0-553-57410-8. | ||
| 040 |
_aDWCL-Main lib. _cOC |
||
| 082 | _aFic. Q6t 2000 | ||
| 100 | _aQuick, Amanda | ||
| 245 |
_aI thee wed/ _cAmanda Quick |
||
| 260 |
_aN. Y. : _bBantam Books, _c c2000. |
||
| 300 |
_a362 p. ; _c17 cm. |
||
| 650 | _a Fiction. | ||
| 942 |
_2ddc _cFIC. _hFic. _n0 |
||
| 999 |
_c6029 _d6029 |
||